000 01063cam a2200325 a 4500
003 CHAP
005 20220329142211.0
008 000211d1998 mx r 00010 spa d
010 _a79842
011 _a80814
020 _a9701700600
035 _a91268
040 _cCHAP
082 0 4 _a332.742
_bF5Y
100 0 0 _aFinnerty, John D.
_941015
245 1 0 _aFinanciamiento de proyectos :
_btécnicas modernas de ingeniería económica
_c/por John D. Finnerty
260 _aMéxico, D. F. :
_bPrentice-Hall,
_c1998.
300 _a382 p.
590 _aBATCH-UPD
_b10
_c20130110
_lUCH01
_h1257
590 _aBATCH-UPD
_b10
_c20130410
_lUCH01
_h0816
590 _aBATCH-UPD
_b10
_c20130914
_lUCH01
_h1640
590 _aCONVERSION
_b10
_c20130109
_lUCH01
_h1344
650 1 4 _aIngeniería económica.
_958222
650 1 4 _aProyectos
_xEvaluación.
_992525
650 1 4 _aProyectos
_xFinanciamiento.
_992526
901 _aBK
905 _aLilia Sánchez G.
942 _cLIBRO
949 _a332.742 F5Y
_bBC
_cLIBRO
_d33724000756649
_eLIBRO
_gI. 201097
_h97255
_i91268
_si
_t$198.00
999 _c79842
_d79842